| 000 | 00456nam a2200157Ia 4500 | ||
|---|---|---|---|
| 003 | GCL | ||
| 008 | 140319s9999 xx 000 0 eng d | ||
| 040 |
_aGCL / _cGCL |
||
| 082 | 0 | 4 |
_a333.714 _bG E |
| 100 | 1 | _aGILPIN, ALAN | |
| 245 | 1 | 0 |
_aENVIRONMENTAL IMPACT ASSESSMENT: CUTTING EDGE FOR THE TWENTY-FIRST CENTURY / _cGILPIN, ALAN |
| 260 |
_a[S.N] : _bCAMBRIDGE ، _c1995 |
||
| 300 | _a182 P | ||
| 650 | 0 | 4 | _aENVIRONMENTAL IMPACT ANALYSIS |
| 942 |
_2ddc _cBK |
||
| 999 |
_c23909 _d23909 |
||